[Event "London Classic Open 2014"]
[Site "London ENG"]
[Date "2014.12.10"]
[Round "3.62"]
[White "Machlik, Jon"]
[Black "Kalaiyalahan, Akshaya"]
[Result "1/2-1/2"]
[WhiteElo "1852"]
[BlackElo "2080"]
[WhiteFideId "1513613"]
[BlackFideId "422894"]
[EventDate "2014.12.08"]

1. e4 c5 2. Nf3 Nc6 3. d4 cxd4 4. Nxd4 g6 5. Nc3 Bg7 6. Be3 Nf6 7. Bc4 Qa5 8.
O-O O-O 9. f4 d6 10. h3 Qb4 11. Qd3 Qxb2 12. e5 dxe5 13. Nxc6 bxc6 14. Rab1 Qa3
15. fxe5 Nd7 16. Nd5 Qxd3 17. Nxe7+ Kh8 18. Bxd3 Nxe5 19. Nxc8 Raxc8 20. Ba6 Rc7
21. Bf4 Re8 22. Kf2 Rce7 23. Rfe1 h6 24. Bxe5 Bxe5 25. Kf3 Kg7 26. Re4 c5 27.
Rb7 Rxb7 28. Bxb7 Re7 29. Bd5 f5 30. Re2 Kf6 31. g4 Rd7 32. c4 f4 33. h4 Re7 34.
Re1 g5 35. hxg5+ hxg5 36. Rh1 Bc3 37. Rh6+ Kg7 38. Re6 Rxe6 39. Bxe6 Kf6 40. Bd7
Ke5 41. Bb5 Kd4 42. a4 Ba5 43. Ba6 Kd3 44. Bb5 Bd8 45. Ba6 Kc3 46. Bb5 Kb4 47.
Ke2 Ka5 48. Bc6 Bf6 49. Kf3 a6 50. Bb7 Bd4 51. Ke4 Kb6 52. Bc8 Bf6 53. Kf3 Bd4 1/2-1/2

[Event "London Classic Open 2014"]
[Site "London ENG"]
[Date "2014.12.10"]
[Round "3.63"]
[White "Lien, Kjell Hakon"]
[Black "Verma, Aditya"]
[Result "1-0"]
[WhiteElo "2078"]
[BlackElo "1611"]
[WhiteFideId "1510444"]
[BlackFideId "426202"]
[EventDate "2014.12.08"]

1. d4 Nf6 2. c4 e6 3. g3 d5 4. Bg2 c6 5. Nf3 Nbd7 6. O-O Be7 7. b3 O-O 8. Bb2 b6
9. Nbd2 Bb7 10. Qc2 c5 11. Rfd1 Qc7 12. Rac1 Rac8 13. cxd5 exd5 14. dxc5 bxc5
15. Nh4 Nb6 16. Nf5 Rfe8 17. e3 Qd7 18. Nf3 h6 19. Bh3 Kf8 20. Ne5 Qb5 21. Nxe7
Rxe7 22. Bxc8 Bxc8 23. Qxc5 Qxc5 24. Rxc5 Ne4 25. Rc2 Kg8 26. Nc6 Rc7 27. Ba3
Bg4 28. Rdc1 Rb7 29. Ne5 Bh3 30. Rc7 Rxc7 31. Rxc7 f6 32. Nd3 Nd2 33. Ne1 Nc8
34. f3 Nf1 35. Bc5 a6 36. g4 1-0

[Event "London Classic Open 2014"]
[Site "London ENG"]
[Date "2014.12.10"]
[Round "3.64"]
[White "Wettasinha, Vasanta"]
[Black "Harari, Zaki"]
[Result "1-0"]
[WhiteElo "1761"]
[BlackElo "2074"]
[WhiteFideId "9904433"]
[BlackFideId "2002639"]
[EventDate "2014.12.08"]

1. d4 d6 2. e4 Nf6 3. Nc3 g6 4. Bg5 Nbd7 5. f4 h6 6. Bh4 c5 7. d5 Bg7 8. Qd2 Qb6
9. Rb1 a6 10. Nf3 Qc7 11. a4 O-O 12. Be2 Re8 13. O-O Rb8 14. Kh1 c4 15. e5 Nh7
16. e6 fxe6 17. dxe6 Ndf6 18. Nd4 b6 19. Bf3 Bb7 20. Bxb7 Qxb7 21. Rbe1 Rbc8 22.
h3 Rf8 23. f5 g5 24. Bf2 Nh5 25. Nce2 Be5 26. Kg1 N7f6 27. c3 Ne4 28. Qe3 Nc5
29. g4 Nf4 30. Nxf4 Bxf4 31. Qf3 Qxf3 32. Nxf3 Nxa4 33. Re2 b5 34. Bd4 Nc5 35.
Nh4 Nd3 36. Ng6 Rfe8 37. h4 Be5 38. hxg5 hxg5 39. Nxe5 dxe5 40. Rxe5 Nxe5 41.
Bxe5 Rc5 42. Bd4 Rd5 43. Kf2 Rxd4 44. cxd4 b4 45. Ke3 a5 46. Ra1 Ra8 47. d5 a4
48. f6 exf6 49. d6 Ra6 50. Rxa4 Rxd6 51. Rxb4 Rxe6+ 52. Kd4 Kf7 53. Rxc4 Kg6 54.
Rc5 Re1 55. Rc4 f5 56. Rc6+ Kg7 57. gxf5 Rb1 58. Rb6 Kf7 59. b4 g4 60. Ke5 g3
61. Rb7+ Kf8 62. Kf6 Ke8 63. Rb8+ Kd7 64. Rg8 Rxb4 65. Rxg3 Rb6+ 66. Kf7 Rd6 67.
Re3 Rd1 68. Re7+ Kc8 69. Ra7 Rh1 70. Ra8+ Kd7 71. f6 Re1 72. Kf8 Rh1 73. Ra7+
Kd8 74. Rg7 Ra1 75. f7 1-0

[Event "London Classic Open 2014"]
[Site "London ENG"]
[Date "2014.12.10"]
[Round "3.65"]
[White "Sajjadi, Kimiya"]
[Black "Gutkind, Kedem"]
[Result "0-1"]
[WhiteElo "1611"]
[BlackElo "2064"]
[WhiteFideId "1516434"]
[BlackFideId "1046519"]
[EventDate "2014.12.08"]

1. d4 Nf6 2. c4 g6 3. Nc3 Bg7 4. e4 O-O 5. f3 d6 6. Bg5 c6 7. Qd2 Qc7 8. Nge2 a6
9. a4 Nbd7 10. Nc1 e5 11. d5 c5 12. Be2 Nh5 13. O-O f5 14. exf5 gxf5 15. Ra3
Ndf6 16. Nd3 Bd7 17. a5 Rae8 18. Na4 e4 19. Nf4 e3 20. Qe1 Nxf4 21. Bxf4 Nh5 22.
Bg5 h6 23. Bxh6 Bxh6 24. Qh4 Nf4 25. Qxh6 Nxe2+ 26. Kh1 Bxa4 27. Rxa4 Nd4 28.
Re1 e2 29. Qd2 Qe7 30. Ra3 f4 31. Qd3 Qh4 32. Raa1 Qh7 33. Qxh7+ Kxh7 34. Rac1
Re3 35. Kg1 Rfe8 36. Kf2 Nb3 37. Rc3 Rxc3 38. bxc3 Nxa5 39. Rxe2 Rxe2+ 40. Kxe2
Nxc4 41. g3 0-1

[Event "London Classic Open 2014"]
[Site "London ENG"]
[Date "2014.12.10"]
[Round "3.67"]
[White "White, Alastair F"]
[Black "Ali, Niall"]
[Result "1-0"]
[WhiteElo "2058"]
[BlackElo "1553"]
[WhiteFideId "2402041"]
[BlackFideId "430528"]
[EventDate "2014.12.08"]

1. e4 e6 2. b3 d5 3. Bb2 dxe4 4. Nc3 f5 5. f3 exf3 6. Nxf3 Nf6 7. Bc4 Bd6 8. Qe2
Qe7 9. Ng5 Nc6 10. Nb5 Nd8 11. Nxd6+ cxd6 12. O-O h6 13. Nf3 O-O 14. Nh4 Kh7 15.
Nxf5 Qc7 16. Nh4 d5 17. Bd3+ Kg8 18. Ng6 Rf7 19. Ne5 Re7 20. Ba3 Qb6+ 21. Kh1
Rc7 22. Rxf6 gxf6 23. Qh5 Rc5 24. Qe8+ Kg7 25. Qe7+ Kg8 26. Bh7+ Kh8 27. Ng6# 1-0

[Event "London Classic Open 2014"]
[Site "London ENG"]
[Date "2014.12.10"]
[Round "3.70"]
[White "Fernandez Aransay, Fernando"]
[Black "Chiu, Howard"]
[Result "0-1"]
[BlackTitle "CM"]
[WhiteElo "1861"]
[BlackElo "2052"]
[WhiteFideId "2216280"]
[BlackFideId "5801338"]
[EventDate "2014.12.08"]

1. e4 c5 2. Nf3 e6 3. d4 cxd4 4. Nxd4 Nf6 5. Nc3 d6 6. Bc4 a6 7. Bb3 Nbd7 8. f4
Nc5 9. Qf3 b5 10. f5 e5 11. Nde2 b4 12. Nd5 Nfxe4 13. Nxb4 Bb7 14. Bd5 Qb6 15.
a3 a5 16. Bxb7 Qxb7 17. Nd3 Nxd3+ 18. Qxd3 d5 19. Nc3 Nxc3 20. Qxc3 f6 21. O-O
Qb6+ 22. Kh1 Bc5 23. Qd3 Rd8 24. b4 axb4 25. axb4 Bxb4 26. Ra6 Qb7 27. Re6+ Be7
28. Ba3 Rd7 29. c4 O-O 30. Rb1 dxc4 31. Qc2 Qc7 32. Rxe7 Rxe7 33. Bxe7 Qxe7 34.
Qxc4+ Qf7 35. Qe4 Rd8 36. h3 h6 37. Rb7 Rd1+ 38. Kh2 Qh5 39. Qc4+ Kh7 40. Rb8
Qxf5 41. Qg8+ Kg6 42. Qe8+ Kg5 43. h4+ Kxh4 44. Rb4+ Rd4 45. Rxd4+ exd4 46. Qe1+
Kg5 47. Qg3+ Qg4 48. Qd3 Qh4+ 49. Kg1 Qe1+ 50. Kh2 Qe3 51. Qb5+ Qe5+ 0-1

[Event "London Classic Open 2014"]
[Site "London ENG"]
[Date "2014.12.10"]
[Round "3.71"]
[White "Rygg, Snorre"]
[Black "Barton, R Alan"]
[Result "0-1"]
[WhiteElo "1865"]
[BlackElo "2042"]
[WhiteFideId "1516035"]
[BlackFideId "404233"]
[EventDate "2014.12.08"]

1. Nf3 d6 2. c4 g6 3. d4 Bg7 4. Nc3 Nd7 5. e4 e6 6. Be2 Ne7 7. O-O O-O 8. Be3 h6
9. Ne1 f5 10. Qd2 Kh7 11. f3 Nf6 12. Nc2 a6 13. Rad1 Nc6 14. b3 fxe4 15. Nxe4
Bd7 16. d5 exd5 17. Nxf6+ Qxf6 18. cxd5 Ne7 19. Bd4 Qf4 20. Bxg7 Qxd2 21. Rxd2
Kxg7 22. Ne3 Rf7 23. Rc1 Rc8 24. Rdc2 Nf5 25. Nxf5+ Bxf5 26. Rc4 Re8 27. Kf2
Ree7 28. Rb4 Bc8 29. Bd3 a5 30. Rbc4 b6 31. R4c3 Bb7 32. Be4 Rxe4 0-1

[Event "London Classic Open 2014"]
[Site "London ENG"]
[Date "2014.12.10"]
[Round "3.72"]
[White "Haridas, Girinath"]
[Black "Iyengar, Ilya"]
[Result "1-0"]
[WhiteElo "1856"]
[BlackElo "2002"]
[WhiteFideId "427144"]
[BlackFideId "405949"]
[EventDate "2014.12.08"]

1. d4 Nf6 2. c4 g6 3. Nc3 Bg7 4. e4 O-O 5. Nge2 d6 6. Ng3 a6 7. Be2 Nc6 8. Be3
Re8 9. d5 Ne5 10. O-O c6 11. h3 b5 12. cxb5 cxb5 13. Bd4 Bb7 14. f4 Ned7 15. Bf3
e5 16. dxe6 Rxe6 17. Qd2 Bh6 18. Rad1 Rc8 19. Be3 Nc5 20. e5 Bxf3 21. Rxf3 Ne8
22. b4 Nd7 23. Nge4 Bg7 24. Ng5 Nxe5 25. fxe5 Rxe5 26. Nxf7 Qh4 27. Nxe5 Bxe5
28. Qd5+ 1-0

[Event "London Classic Open 2014"]
[Site "London ENG"]
[Date "2014.12.10"]
[Round "3.73"]
[White "Niccoli, Tony"]
[Black "Kebbedies, Frank"]
[Result "1-0"]
[WhiteElo "1996"]
[BlackElo "1803"]
[WhiteFideId "432946"]
[BlackFideId "24606944"]
[EventDate "2014.12.08"]

1. e4 e6 2. d4 d5 3. Nc3 dxe4 4. Nxe4 Nd7 5. Nf3 Ngf6 6. Nxf6+ Nxf6 7. Bd3 c5 8.
Be3 cxd4 9. Bxd4 Be7 10. Qe2 O-O 11. O-O Qc7 12. Be5 Qc5 13. c3 Rd8 14. Rfe1 Bd7
15. b4 Qc8 16. a4 Be8 17. Bd4 Qc7 18. b5 Nd5 19. Qe4 g6 20. Rac1 Qf4 21. c4 Qxe4
22. Bxe4 Nf4 23. g3 Nh3+ 24. Kg2 Ng5 25. Bxb7 Rab8 26. Be3 Rxb7 27. Bxg5 Bxg5
28. Nxg5 Rc7 29. Re2 Rd4 30. Rec2 h6 31. Nf3 Rd3 32. c5 Ra3 33. Rc4 Kf8 34. Nd4
e5 35. Nc2 Rb3 36. Nb4 Rc8 37. Nd5 Rd3 38. Nf6 Bd7 39. Nxd7+ Rxd7 40. c6 Rd2 41.
a5 Rb2 42. Rc5 f6 43. Rd1 Rc7 44. Rd8+ Ke7 45. Rcd5 h5 46. R5d7+ Rxd7 47. Rxd7+
Ke6 48. Rb7 Kd6 49. c7 Kd7 50. b6 axb6 51. axb6 Rc2 52. Rb8 1-0

[Event "London Classic Open 2014"]
[Site "London ENG"]
[Date "2014.12.10"]
[Round "3.74"]
[White "Terzo, Andrea"]
[Black "Ditmas, Hugh"]
[Result "1-0"]
[WhiteElo "1809"]
[BlackElo "1993"]
[WhiteFideId "897353"]
[BlackFideId "1270666"]
[EventDate "2014.12.08"]

1. d4 Nf6 2. c4 e6 3. Nc3 Bb4 4. f3 O-O 5. a3 Bxc3+ 6. bxc3 d5 7. e3 c5 8. cxd5
exd5 9. Bd3 Nc6 10. Ne2 Re8 11. O-O b6 12. Ng3 Bb7 13. Bf5 Bc8 14. Qd3 Ne7 15.
Bxc8 Rxc8 16. e4 Nd7 17. Bg5 f6 18. Be3 c4 19. Qe2 b5 20. h4 Rb8 21. h5 Qc7 22.
Qf2 Rb7 23. Ne2 Kh8 24. Nf4 Qc6 25. Qh4 Nf8 26. Ne2 Nf5 27. exf5 Rxe3 28. Qf2
Rbe7 29. Rfe1 Qe8 30. Kf1 Qxh5 31. Ng3 Qe8 32. Rxe3 Rxe3 33. Ne4 Rd3 34. Nc5
Rxc3 35. Re1 Qf7 36. Qb2 Rb3 37. Nxb3 cxb3 38. Qxb3 a6 39. Qe3 Qh5 40. Qe8 Qh1+
41. Kf2 Qh4+ 42. Ke2 Kg8 43. Kd3 Qf4 44. Re7 Qxf5+ 45. Kc3 Qg6 46. Qxg6 Nxg6 47.
Ra7 Nf4 48. Rxa6 Nxg2 49. Rb6 h5 50. Rxb5 h4 51. Rb1 Ne3 52. a4 Nc4 53. Rh1 g5
54. f4 Kg7 55. Kb4 Kg6 56. a5 Kf5 57. fxg5 fxg5 58. a6 Ke4 59. Kc5 Nb2 60. Re1+
Kf3 61. Kxd5 Nd3 62. Rb1 Nf4+ 63. Kc4 Ne6 64. a7 Nc7 65. d5 h3 66. d6 Na8 67.
Kc5 h2 68. d7 Nc7 69. a8=Q+ 1-0

[Event "London Classic Open 2014"]
[Site "London ENG"]
[Date "2014.12.10"]
[Round "3.75"]
[White "Kumar, Shankar"]
[Black "Vachtfeidl, Petr"]
[Result "0-1"]
[WhiteElo "1764"]
[BlackElo "1985"]
[WhiteFideId "15600149"]
[BlackFideId "315028"]
[EventDate "2014.12.08"]

1. e4 c5 2. c3 Nf6 3. e5 Nd5 4. Nf3 e6 5. d4 cxd4 6. cxd4 d6 7. a3 Nc6 8. Bd3
dxe5 9. dxe5 g6 10. O-O Bg7 11. Re1 O-O 12. Qe2 Qc7 13. Bd2 b6 14. Nc3 Nxc3 15.
Bxc3 Bb7 16. Rac1 Qe7 17. Nd2 Rfd8 18. Nc4 Nd4 19. Qe3 Nb3 20. Rcd1 Nc5 21. Bc2
Qh4 22. b4 Qxc4 23. bxc5 Qxc5 24. Qxc5 bxc5 25. f4 Bd5 26. Kf2 Rab8 27. Rb1 Bf8
28. g4 Be7 29. Red1 Kf8 30. f5 c4 31. Bb4 Rdc8 32. Ke3 a5 33. Bxe7+ Kxe7 34.
fxg6 hxg6 35. g5 Rxb1 36. Rxb1 Rh8 37. Be4 Rh3+ 38. Kd4 Rh4 39. Re1 Kd7 40. a4
Kc6 41. Re3 Rxe4+ 42. Rxe4 Bxe4 43. Kxe4 Kc5 0-1

[Event "London Classic Open 2014"]
[Site "London ENG"]
[Date "2014.12.10"]
[Round "3.76"]
[White "Miu, Marinel"]
[Black "Yu, Derek"]
[Result "0-1"]
[WhiteElo "1743"]
[BlackElo "1973"]
[WhiteFideId "1220691"]
[BlackFideId "3206203"]
[EventDate "2014.12.08"]

1. d4 d5 2. Nh3 Nf6 3. Nf4 g6 4. g3 Bg7 5. Bg2 c6 6. Nc3 O-O 7. O-O Re8 8. Nd3
Nbd7 9. Bg5 h6 10. Bd2 Kh7 11. a4 a5 12. e3 e5 13. Ne2 e4 14. Nc5 Nxc5 15. dxc5
Nd7 16. Bc3 Bxc3 17. Nxc3 Nxc5 18. f3 f5 19. fxe4 Nxe4 20. Bxe4 dxe4 21. Qe1 Qb6
22. b3 Be6 23. Qf2 Qc5 24. Na2 Rad8 25. Rad1 b5 26. axb5 cxb5 27. Rd2 a4 28. Rb1
Qa3 29. Nc1 Qb4 30. Rd4 Rxd4 31. exd4 Rc8 32. Na2 Qa3 33. Nc1 axb3 34. Nxb3 Bxb3
35. cxb3 Rc1+ 36. Rxc1 Qxc1+ 37. Kg2 Qc3 38. d5 e3 39. Qf3 Qd2+ 40. Kf1 Kg7 41.
d6 e2+ 42. Qxe2 Qxe2+ 43. Kxe2 Kf6 44. Kd3 Ke6 45. d7 Kxd7 46. Kc3 Kc6 47. Kd4
Kd6 48. h4 g5 49. b4 gxh4 50. gxh4 h5 51. Kd3 Ke5 52. Ke3 f4+ 53. Ke2 Ke4 54.
Kf2 f3 55. Kf1 Kf4 56. Kg1 Kg3 57. Kh1 Kxh4 0-1

[Event "London Classic Open 2014"]
[Site "London ENG"]
[Date "2014.12.10"]
[Round "3.77"]
[White "Allison, Conrad"]
[Black "Klingher, Dominic"]
[Result "0-1"]
[WhiteElo "1956"]
[BlackElo "1799"]
[WhiteFideId "429244"]
[BlackFideId "428850"]
[EventDate "2014.12.08"]

1. e4 e6 2. d4 d5 3. Nc3 Bb4 4. e5 c5 5. a3 Bxc3+ 6. bxc3 Ne7 7. Qg4 Qc7 8. Qxg7
Rg8 9. Qxh7 cxd4 10. Ne2 Nbc6 11. f4 Bd7 12. h4 dxc3 13. h5 O-O-O 14. Qd3 Nf5
15. Qxc3 Ncd4 16. Qxc7+ Kxc7 17. Nxd4 Nxd4 18. Kf2 Nxc2 19. Rb1 d4 20. Bd3 Bc6
21. Rg1 Ne3 22. h6 Ng4+ 23. Ke2 Nxh6 24. g3 Ng4 25. Bd2 Kc8 26. Rgc1 Kd7 27. Rb4
Ke8 28. Rcc4 Rh8 29. Rxd4 Rh2+ 30. Kd1 Rxd4 31. Rxd4 Rg2 32. Be1 Nf2+ 33. Kc1
Nh1 34. f5 exf5 35. Bxf5 Nxg3 36. Bg4 Rg1 37. Kd1 Ne4 38. Bf5 Nc3+ 39. Kc2 Rxe1
40. Kxc3 Rxe5 41. Bd3 a5 42. Rh4 Rg5 43. Be4 Rg3+ 44. Kb2 Bxe4 45. Rxe4+ Kd7 46.
Re5 a4 47. Rf5 Ke6 48. Rb5 Rb3+ 49. Rxb3 axb3 50. Kxb3 Kd5 0-1

[Event "London Classic Open 2014"]
[Site "London ENG"]
[Date "2014.12.10"]
[Round "3.78"]
[White "Woong, Zhi Wei William"]
[Black "Wandowicz, Kajetan"]
[Result "1-0"]
[WhiteElo "1912"]
[BlackElo "1741"]
[WhiteFideId "5804906"]
[BlackFideId "1169777"]
[EventDate "2014.12.08"]

1. e4 e5 2. Nf3 d6 3. Bc4 Be7 4. O-O Nf6 5. d3 O-O 6. Re1 a6 7. a4 Nbd7 8. c3
Nc5 9. Nbd2 Be6 10. a5 Re8 11. b4 Bxc4 12. Nxc4 Ne6 13. Ne3 Bf8 14. Nd5 g6 15.
Ra2 Bg7 16. Qb3 Nd7 17. Be3 b5 18. axb6 cxb6 19. Rea1 a5 20. Nd2 Rb8 21. Nc4 Bf8
22. Ncxb6 Nxb6 23. Bxb6 Rxb6 24. Nxb6 Qxb6 25. Rxa5 Rc8 26. h3 Nf4 27. Ra6 Rxc3
28. Qxc3 Qxa6 29. Rxa6 Ne2+ 30. Kf1 Nxc3 31. Ra3 Nb5 32. Ra5 Nd4 33. b5 Nb3 34.
Ra7 Nc5 35. b6 Kg7 36. b7 Nxb7 37. Rxb7 Kf6 38. Ke2 h5 39. Kd2 Bh6+ 40. Kc3 Bc1
41. Kc4 Ke6 42. Rb3 Bd2 43. Ra3 Bg5 44. Kb5 Bd2 45. Ra8 Be1 46. f3 Bf2 47. Kc6
Bc5 48. Re8+ Kf6 49. Kd5 Ba3 50. Rc8 h4 51. Rh8 Kg5 52. Rf8 Kf6 53. Rd8 Kg5 54.
Rd7 f5 55. Rxd6 Bxd6 56. Kxd6 Kf4 57. Ke6 fxe4 58. dxe4 Kg3 59. Kxe5 Kxg2 60.
Kf4 Kxh3 61. e5 Kg2 62. e6 h3 63. e7 h2 64. e8=Q h1=Q 65. Qxg6+ Kf2 66. Qc2+ Kf1
67. Qd1+ Kg2 68. Qxh1+ 1-0

[Event "London Classic Open 2014"]
[Site "London ENG"]
[Date "2014.12.10"]
[Round "3.79"]
[White "Lie, Terje"]
[Black "Nettleton, Charlie B"]
[Result "0-1"]
[WhiteElo "1593"]
[BlackElo "1910"]
[WhiteFideId "1504916"]
[BlackFideId "419710"]
[EventDate "2014.12.08"]

1. d4 d6 2. c4 e5 3. d5 Be7 4. Nc3 Bg5 5. e4 Bxc1 6. Rxc1 Ne7 7. Be2 O-O 8. Nf3
a5 9. O-O Ng6 10. Re1 Na6 11. a3 Nf4 12. Bf1 Bg4 13. Re3 Qf6 14. Ne2 b6 15. Qc2
Qg6 16. Ng3 Qh6 17. Nf5 Qf6 18. Rce1 Nc5 19. Ng3 a4 20. Nd2 g6 21. f3 Bd7 22.
Ne2 Nh5 23. Nc3 Qg5 24. Nb5 Rfc8 25. b4 axb3 26. Nxb3 Bxb5 27. Nxc5 Be8 28. Nb3
Rxa3 29. Rc3 Rca8 30. Qc1 Qf6 31. Qe3 R3a7 32. Rec1 Bd7 33. Nd2 Nf4 34. Nb1 g5
35. Na3 Qd8 36. Nb5 Ra5 37. g3 Nh5 38. Ra3 Rxa3 39. Nxa3 h6 40. Nb5 Bxb5 41.
cxb5 Nf6 42. Bh3 Ra5 43. Rb1 Qe8 44. Bf1 Nd7 45. h4 Qe7 46. h5 Nf6 47. g4 Nd7
48. Qc3 Nc5 49. Ra1 Rxa1 50. Qxa1 Nb3 51. Qa8+ Kg7 52. Qc8 Nd4 53. Kf2 Qf6 54.
Be2 Qf4 55. Kg2 Nxe2 56. Qxc7 Qg3+ 57. Kf1 Qxf3+ 58. Ke1 Qc3+ 59. Qxc3 Nxc3 60.
Kd2 Nxe4+ 61. Ke3 Nf6 62. Kf3 Nxd5 63. Ke4 Ne7 0-1

[Event "London Classic Open 2014"]
[Site "London ENG"]
[Date "2014.12.10"]
[Round "3.80"]
[White "White, David J"]
[Black "Altman, Joshua"]
[Result "1-0"]
[BlackTitle "CM"]
[WhiteElo "1891"]
[BlackElo "1723"]
[WhiteFideId "402931"]
[BlackFideId "426210"]
[EventDate "2014.12.08"]

1. e4 c5 2. Nf3 d6 3. d4 cxd4 4. Nxd4 Nf6 5. Nc3 g6 6. f3 Bg7 7. Be3 O-O 8. Qd2
Nc6 9. Bc4 Bd7 10. O-O-O Rc8 11. Bb3 Ne5 12. h4 h5 13. Bg5 Rc5 14. Kb1 Nc4 15.
Bxc4 Rxc4 16. Nde2 Rc5 17. Bh6 b5 18. Bxg7 Kxg7 19. Nd5 Nxd5 20. exd5 Bf5 21.
Nd4 Qc8 22. g4 hxg4 23. h5 Rh8 24. fxg4 Be4 25. Ne6+ fxe6 26. Qd4+ e5 27. Qxe4
Qe8 28. Qe3 a5 29. Qg5 Rc7 30. Rdf1 b4 31. Rf2 e6 32. Rf6 Rh6 33. dxe6 Rb7 34.
Rhf1 Rc7 35. Rf7+ Rxf7 36. Rxf7+ 1-0

[Event "London Classic Open 2014"]
[Site "London ENG"]
[Date "2014.12.10"]
[Round "3.82"]
[White "Millward, Kevin P"]
[Black "Pattni, Kishan"]
[Result "1-0"]
[WhiteElo "2010"]
[BlackElo "1716"]
[WhiteFideId "404721"]
[BlackFideId "420751"]
[EventDate "2014.12.08"]

1. e4 c6 2. Nc3 d5 3. g3 dxe4 4. Nxe4 e5 5. d3 f5 6. Nc3 Nf6 7. Bg2 Bd6 8. Nge2
O-O 9. O-O Nbd7 10. h3 Nb6 11. f4 Nbd5 12. Nxd5 Nxd5 13. Bxd5+ cxd5 14. fxe5
Bxe5 15. d4 Bf6 16. h4 Qb6 17. c3 Bd7 18. Nf4 Qd6 19. Qf3 Bc6 20. Re1 Rae8 21.
Rxe8 Rxe8 22. Nd3 Re4 23. Bf4 Qe6 24. Nc5 Qe7 25. Nxe4 dxe4 26. Qf2 Bd5 27. b3
Qd8 28. Rd1 b5 29. Be5 g6 30. Bxf6 Qxf6 31. Qf4 Qf7 32. Qb8+ Kg7 33. Qe5+ Kh6
34. Rf1 Qd7 35. Kh2 Be6 36. Rc1 Qc6 37. c4 bxc4 38. bxc4 Qa6 39. Qf4+ Kg7 40. d5
Qxa2+ 41. Kh3 Bf7 42. d6 Be6 43. c5 e3 44. Re1 Qd5 45. Qxe3 Kf7 46. Kh2 a5 47.
Qe5 Qc4 48. c6 g5 49. d7 1-0

[Event "London Classic Open 2014"]
[Site "London ENG"]
[Date "2014.12.10"]
[Round "3.83"]
[White "De Lagontrie, Jean"]
[Black "Cannon, Richard J"]
[Result "1-0"]
[WhiteElo "1802"]
[BlackElo "2041"]
[WhiteFideId "605271"]
[BlackFideId "408670"]
[EventDate "2014.12.08"]

1. e4 e6 2. d4 d5 3. Nd2 Nf6 4. e5 Nfd7 5. Bd3 c5 6. c3 Nc6 7. Ne2 cxd4 8. cxd4
f6 9. exf6 Nxf6 10. Nf3 Bd6 11. O-O O-O 12. Bf4 Bxf4 13. Nxf4 Ne4 14. Qc1 Ng5
15. Nxg5 Qxg5 16. Bxh7+ Kxh7 17. Nxe6 Qf6 18. Nxf8+ Qxf8 19. Qg5 Bf5 20. Rfe1
Rd8 21. Re3 Rd6 22. Rf3 Rf6 23. Re1 Qf7 24. Rf4 Be4 25. Rxf6 Qxf6 26. Qxf6 gxf6
27. f3 Bc2 28. Re6 Bb1 29. Rxf6 Bxa2 30. Rf7+ Kg6 31. Rxb7 Nxd4 32. Rxa7 Bc4 33.
Kf2 Nc2 34. g4 Kg5 35. Kg3 d4 36. Rd7 d3 37. Rd6 Be6 38. Rxe6 d2 39. h4# 1-0

[Event "London Classic Open 2014"]
[Site "London ENG"]
[Date "2014.12.10"]
[Round "3.84"]
[White "Wood, Peter R"]
[Black "Bin-Suhayl, Ieysaa"]
[Result "1/2-1/2"]
[WhiteElo "1941"]
[BlackElo "1777"]
[WhiteFideId "422215"]
[BlackFideId "429031"]
[EventDate "2014.12.08"]

1. e4 e6 2. d4 d5 3. e5 c5 4. c3 Nc6 5. Nf3 Qb6 6. a3 Nh6 7. b4 cxd4 8. cxd4 Nf5
9. Bb2 Be7 10. Bd3 O-O 11. Bxf5 exf5 12. Nc3 Be6 13. O-O a6 14. Qd2 a5 15. b5
Na7 16. a4 Rfc8 17. Ba3 Bxa3 18. Rxa3 Rc4 19. Rc1 Qc7 20. Ne2 Rxc1+ 21. Qxc1
Qxc1+ 22. Nxc1 Rc8 23. Ra1 b6 24. Nd3 h6 25. h4 Rc4 26. Kf1 g6 27. Ke1 Nc8 28.
Kd2 Ne7 29. Nb2 Rc8 30. Nd3 Kf8 31. Rc1 Rxc1 32. Kxc1 Kg7 33. Nf4 Ng8 34. Kd2
Ne7 1/2-1/2

[Event "London Classic Open 2014"]
[Site "London ENG"]
[Date "2014.12.10"]
[Round "3.85"]
[White "Basson, Heinrich"]
[Black "Grey, Nicholas D"]
[Result "1-0"]
[WhiteElo "1899"]
[BlackElo "1766"]
[WhiteFideId "14301440"]
[BlackFideId "415448"]
[EventDate "2014.12.08"]

1. d4 Nf6 2. c4 c5 3. d5 b5 4. cxb5 a6 5. bxa6 g6 6. g3 d6 7. Bg2 Bxa6 8. Nf3
Bg7 9. O-O Nbd7 10. Nc3 O-O 11. Re1 Qb6 12. Qc2 Rfb8 13. e4 Ng4 14. h3 Nge5 15.
Nxe5 Nxe5 16. b3 Nd3 17. Rd1 Nb4 18. Qd2 Bd3 19. Bb2 c4 20. Na4 Qd8 21. Bxg7
Kxg7 22. Qc3+ Kg8 23. Bf1 Bxf1 24. Kxf1 cxb3 25. axb3 Na6 26. Rdc1 Rc8 27. Qe3
Nc5 28. Nxc5 Rxa1 29. Rxa1 Rxc5 30. b4 Rb5 31. Qc3 Qb8 32. Qc6 1-0

[Event "London Classic Open 2014"]
[Site "London ENG"]
[Date "2014.12.10"]
[Round "3.86"]
[White "Akshay V Halagannavar"]
[Black "Fixmer, Eric"]
[Result "1-0"]
[WhiteElo "1881"]
[BlackElo "1686"]
[WhiteFideId "25020188"]
[BlackFideId "4004469"]
[EventDate "2014.12.08"]

1. e4 c5 2. Nf3 d6 3. Bb5+ Bd7 4. Bxd7+ Qxd7 5. O-O Nf6 6. Re1 Nc6 7. c3 g6 8.
d4 cxd4 9. cxd4 Bg7 10. Nc3 O-O 11. h3 e6 12. Bg5 h6 13. Bf4 a6 14. Na4 Rad8 15.
Rc1 b5 16. d5 exd5 17. Nb6 Qb7 18. Nxd5 Nxd5 19. Qxd5 Na5 20. b3 Qe7 21. Qd2 Nb7
22. Bxh6 Nc5 23. Bxg7 Kxg7 24. e5 dxe5 25. Qb4 Rd5 26. Rxe5 Rxe5 27. Nxe5 Qxe5
28. Qxc5 Qe2 29. Qd4+ Kg8 30. a4 bxa4 31. bxa4 Re8 32. a5 Qe5 33. Qb6 Re6 34.
Rc8+ Kg7 35. Qd8 g5 36. Qh8+ Kg6 37. Rg8+ Kf5 38. Qh7+ Kf4 39. g3+ Kf3 40. Qd3+ 1-0